Učitavanje...
Cytotoxic Effects of Food Dyes - (PhD Thesis)
| Glavni autor: | |
|---|---|
| Format: | Printed Book |
| Izdano: |
Trivandrum
KERALA UNIVERSITY
2010
|
| Teme: |
| LEADER | 00488nam a2200205 4500 | ||
|---|---|---|---|
| 020 | |||
| 037 | |||
| 082 | |||
| 100 | |a Sreela Raj, N R | ||
| 245 | |a Cytotoxic Effects of Food Dyes - (PhD Thesis) |h ENGLISH | ||
| 250 | |||
| 260 | |a Trivandrum |b KERALA UNIVERSITY |c 2010 | ||
| 300 | |a 0 | ||
| 500 | |||
| 590 | |||
| 630 | |||
| 650 | |a Cytotoxic Effects of Food Dyes | ||
| 942 | |c REF | ||
| 999 | |c 173446 |d 173446 | ||
| 952 | |0 0 |1 0 |4 0 |7 0 |9 186875 |a BOT |b BOT |l 0 |p BOT8703 |r 2019-10-25 |w 2019-10-25 |y REF | ||